Countries visited by Adolf Hitler - Statistics

General Stats
  • This quiz has been taken 5,492 times
  • The average score is 10 of 13
Answer Stats
Date of visit Reason of the visit Country % Correct
1938 Anschluss Austria
99%
1894 Family moves to Passau Germany
97%
1914 World War I France
96%
1940 Celebration of a victory France
96%
1934 Meeting with Mussolini Italy
95%
1939 Celebration of a victory Poland
93%
1914 World War I Belgium
84%
1923 Looking for donations Switzerland
75%
1939 Celebration of the annexion of this territory Czechoslovakia
63%
1942 Visit in his Headquarter Soviet Union
55%
1934 Reason unknown Norway
50%
1889 Place of birth Austria-Hungary
48%
1942 75th birthday-party of Marshall Mannerheim Finland
45%
No matching quizzes found
Score Distribution
Percent of People with Each Score
Percentile by Number Answered
Your Score History
You have not taken this quiz